[Event "Kretsmesterskap i lagsjakk for Troms og nordre Nordland Sjakkrets 2026"]
[Site "Thon Hotel, Harstad"]
[Date "2026.01.23"]
[Group "Kretsmesterskap i lagsjakk for Troms og nordre Nordland Sjakkrets 2026"]
[Table "22"]
[Round "1"]
[White "Tromsø 4-O. Sørensen"]
[Black "Sortland-V. Shabalin"]
[WhiteElo "1710"]
[BlackElo "1723"]
[Result "1-0"]

1. e4 e5 2. Nf3 d6 3. d4 Bg4 4. Bc4 Qf6 5. Nc3 c6 6. Be3 Nd7 7. h3 Bxf3 8. Qxf3 Qxf3 9. gxf3 exd4 10. Bxd4 Ne5 11. Be2 Ng6 12. O-O-O f6 13. h4 Nf4 14. Bc4 b5 15. Bb3 b4 16. Be3 bxc3 17. Bxf4 cxb2+ 18. Kxb2 O-O-O 19. Rd4 Kc7 20. Rhd1 Be7 21. Be3 c5 22. Ra4 Kb6 23. Bd5 Nh6 24. Rb4+ Ka5 25. Rb3 Rb8 26. Bd2+ Rb4 27. a3 Rb8 28. axb4+ 1-0

[Event "Kretsmesterskap i lagsjakk for Troms og nordre Nordland Sjakkrets 2026"]
[Site "Thon Hotel, Harstad"]
[Date "2026.01.23"]
[Group "Kretsmesterskap i lagsjakk for Troms og nordre Nordland Sjakkrets 2026"]
[Table "21"]
[Round "1"]
[White "Sortland-J. Åsvang"]
[Black "Tromsø 4-F. Remman"]
[WhiteElo "2030"]
[BlackElo "1856"]
[Result "1-0"]

1. e4 c5 2. d4 cxd4 3. Qxd4 Nf6 4. Nc3 Nc6 5. Qe3 g6 6. b3 Bg7 7. Bb2 O-O 8. O-O-O Qa5 9. Kb1 Ng4 10. Qe1 e6 11. Nh3 f5 12. f3 Nh6 13. Nf2 a6 14. exf5 Nxf5 15. Nce4 Qxe1 16. Rxe1 Bxb2 17. Kxb2 d5 18. Nc5 Kf7 19. c4 b6 20. Na4 Rb8 21. cxd5 exd5 22. Nc3 Nce7 23. Ng4 Rd8 24. Ne5+ Kf6 25. g4 Nd6 26. h4 Bb7 27. Na4 Bc8 28. Bd3 Nf7 29. Nxf7 Kxf7 30. h5 Nc6 31. Nc3 Kg7 32. hxg6 hxg6 33. g5 b5 34. Rh6 b4 35. Rxg6+ Kf7 36. Rf6+ Kg7 37. Rxc6 bxc3+ 38. Kxc3 d4+ 39. Kd2 Rh8 40. Rg6+ Kf7 41. Rf6+ 1-0

[Event "Kretsmesterskap i lagsjakk for Troms og nordre Nordland Sjakkrets 2026"]
[Site "Thon Hotel, Harstad"]
[Date "2026.01.23"]
[Group "Kretsmesterskap i lagsjakk for Troms og nordre Nordland Sjakkrets 2026"]
[Table "23"]
[Round "1"]
[White "Sortland-A. Randers-Pehrson"]
[Black "Tromsø 4-K. Schouten"]
[WhiteElo "1489"]
[BlackElo "1585"]
[Result "0-1"]

1. d4 Nf6 2. Nf3 d5 3. c4 c6 4. Nc3 g6 5. e3 Bg7 6. cxd5 cxd5 7. Qb3 O-O 8. Bd3 Nc6 9. O-O a6 10. Bd2 Na5 11. Qd1 Nc4 12. Bxc4 dxc4 13. a4 Bf5 14. Ne5 Rc8 15. Qe2 Qc7 16. f3 Rfd8 17. e4 Be6 18. Be3 Ne8 19. f4 Nd6 20. d5 Bd7 21. a5 Qb8 22. Bb6 Bxe5 23. fxe5 Nb5 24. Qf2 Rf8 25. Nxb5 Bxb5 26. Qd4 c3 27. Rf2 Rc4 28. Qe3 cxb2 29. Rxb2 Qxe5 30. Qf2 Rxe4 31. Rd1 Rc8 32. Rbd2 Re2 33. Rxe2 Qxe2 34. Qxe2 Bxe2 35. Re1 Rc2 36. Bd8 Kf8 37. h3 Ke8 38. Bxe7 Kxe7 39. Kf2 Kd6 40. Rxe2 Rxe2+ 41. Kxe2 Kxd5 42. g4 h5 43. gxh5 gxh5 44. Kf3 f5 45. Kf4 Ke6 46. h4 Kf6 47. Ke3 Ke5 48. Kf3 f4 49. Kf2 Ke4 50. Kf1 Kf3 51. Kg1 0-1

[Event "Kretsmesterskap i lagsjakk for Troms og"]
[Site "Thon Hotel, Harstad"]
[Date "2026.01.22"]
[Round "1"]
[White "Tromsø 2-M. Machlik"]
[Black "Tromsø 1-M. Schouten"]
[Result "1/2-1/2"]
[WhiteElo "2084"]
[BlackElo "2292"]
[PlyCount "40"]
[EventDate "2026.??.??"]

1. d4 d5 2. c4 dxc4 3. Nf3 a6 4. e4 b5 5. a4 Bb7 6. axb5 axb5 7. Rxa8 Bxa8 8.
Nc3 e6 9. Nxb5 Bxe4 10. Bxc4 c6 11. Nc3 Bxf3 12. Qxf3 Qxd4 13. Be2 Nf6 14. O-O
Be7 15. Qg3 O-O 16. Rd1 Qb4 17. Bh6 Ne8 18. Bf4 Nf6 19. Bh6 Ne8 20. Bf4 Nf6
1/2-1/2

[Event "Kretsmesterskap i lagsjakk for Troms og"]
[Site "Thon Hotel, Harstad"]
[Date "2026.01.22"]
[Round "1"]
[White "Tromsø 1-T. Valvåg"]
[Black "Tromsø 2-A. Solbu"]
[Result "1-0"]
[WhiteElo "2079"]
[BlackElo "1962"]
[PlyCount "73"]
[EventDate "2026.??.??"]

1. e4 c5 2. Nf3 Nc6 3. d4 cxd4 4. Nxd4 Nf6 5. Nc3 e5 6. Ndb5 d6 7. Nd5 Nxd5 8.
exd5 Nb8 9. Qf3 Be7 10. Qc3 Na6 11. Be3 Bd7 12. Nxa7 O-O 13. Bxa6 bxa6 14.
O-O-O f5 15. Nc6 Bxc6 16. dxc6 Qc7 17. Qc4+ Kh8 18. f4 exf4 19. Bxf4 Rfc8 20.
Rhe1 Bf8 21. Rd5 Qf7 22. Red1 Rc7 23. Qa4 Rac8 24. Bxd6 Rxc6 25. Bxf8 Qxf8 26.
Qxc6 Rxc6 27. Rd8 Kg8 28. Rxf8+ Kxf8 29. Rd5 Rf6 30. c4 h5 31. b4 g5 32. a4 h4
33. b5 g4 34. c5 f4 35. c6 axb5 36. axb5 f3 37. c7 1-0

[Event "Kretsmesterskap i lagsjakk for Troms og"]
[Site "Thon Hotel, Harstad"]
[Date "2026.01.22"]
[Round "1"]
[White "Tromsø 2-J. Joensen"]
[Black "Tromsø 1-P. Røyset"]
[Result "1/2-1/2"]
[WhiteElo "1960"]
[BlackElo "2112"]
[PlyCount "123"]
[EventDate "2026.??.??"]

1. e4 c5 2. Nc3 Nc6 3. f4 e6 4. Nf3 d5 5. Bb5 Nf6 6. Bxc6+ bxc6 7. e5 Nd7 8.
O-O Ba6 9. d3 c4 10. d4 g6 11. Ne2 c3 12. bxc3 Be7 13. Nd2 Nb6 14. a4 Nc4 15.
Rf3 c5 16. Nb3 cxd4 17. Nexd4 Qc7 18. Kh1 Bc8 19. Nb5 Qb7 20. Qd4 a6 21. Nd6+
Bxd6 22. exd6 O-O 23. f5 e5 24. Qh4 f6 25. fxg6 hxg6 26. Rxf6 Bf5 27. Bg5 Qh7
28. Qxh7+ Kxh7 29. Rxf8 Rxf8 30. Be7 Rc8 31. Rf1 Nb6 32. a5 Nd7 33. Nd2 Rxc3
34. Nf3 Rxc2 35. Ng5+ Kg8 36. h3 Ra2 37. Bd8 Rb2 38. Rc1 Bc2 39. Rf1 Be4 40.
Nxe4 dxe4 41. Re1 Rb4 42. Rf1 Rd4 43. Bc7 e3 44. Kg1 Nf6 45. Re1 Rd2 46. Bb6
Rxd6 47. Rxe3 Nd7 48. Bc7 Rd5 49. Rc3 Nc5 50. Bb6 Rd1+ 51. Kh2 Nd7 52. Bc7 Kf7
53. Rc6 e4 54. Kg3 Re1 55. Bf4 Nf6 56. Bg5 Nd5 57. Rc1 Rxc1 58. Bxc1 Ke6 59.
Kg4 Kf6 60. h4 Ke6 61. Bb2 Kf7 62. Bd4 1/2-1/2

[Event "Kretsmesterskap i lagsjakk for Troms og"]
[Site "Thon Hotel, Harstad"]
[Date "2026.01.22"]
[Round "1"]
[White "Tromsø 1-B. Halvorsen"]
[Black "Tromsø 2-H. Strøm"]
[Result "1-0"]
[WhiteElo "1995"]
[BlackElo "1725"]
[PlyCount "165"]
[EventDate "2026.??.??"]

1. f4 d5 2. Nf3 Nf6 3. g3 Nbd7 4. Bg2 e6 5. O-O Bd6 6. d3 O-O 7. Nc3 b6 8. e4
dxe4 9. dxe4 e5 10. f5 Bb7 11. Bg5 h6 12. Bh4 Ba6 13. g4 Bxf1 14. Bxf1 Bc5+ 15.
Kh1 Nxg4 16. Qe1 Be7 17. Bg3 Bd6 18. Rd1 Re8 19. Bc4 Bc5 20. Bb5 Ngf6 21. Nxe5
Rxe5 22. Bxe5 Qe7 23. Bxc7 Ne5 24. Bxe5 Qxe5 25. Qg3 Qe7 26. e5 Qb7+ 27. Qg2
Qxg2+ 28. Kxg2 Ng4 29. Nd5 Nxe5 30. b4 Bf8 31. f6 Ng6 32. a3 gxf6 33. Nxf6+ Kg7
34. Nh5+ Kg8 35. Rd7 Ne5 36. Rd5 Ng6 37. Bc4 Rc8 38. Bb3 Rc7 39. Nf6+ Kh8 40.
Rd8 Re7 41. Rd7 Nf4+ 42. Kf3 Ne6 43. Bxe6 fxe6 44. Rxe7 Bxe7 45. Ng4 Kg7 46. h3
h5 47. Ke4 Bd6 48. Ne5 Kf6 49. Nc6 a5 50. bxa5 bxa5 51. a4 Bc7 52. Nd4 e5 53.
Nb5 Bb6 54. Nd6 Ke6 55. Nc4 Bc7 56. c3 h4 57. Ne3 Bb6 58. Ng2 Bf2 59. Kf3 Bg3
60. Ne3 Be1 61. c4 Bb4 62. Ng2 Be7 63. Kg4 Kd6 64. Nxh4 Kc5 65. Nf5 Bf6 66. Ne3
Kb4 67. Nd5+ Kxa4 68. Nxf6 Kb3 69. c5 a4 70. c6 a3 71. c7 a2 72. c8=Q a1=Q 73.
Qe6+ Kc2 74. Qc4+ Kd2 75. Qd5+ Kc2 76. Qe4+ Kb3 77. Qe3+ Kc4 78. Kf5 Qf1+ 79.
Ke6 Qa1 80. Qe4+ Kb3 81. Qd3+ Kb4 82. Nd5+ Ka5 83. Qc3+ 1-0

[Event "Kretsmesterskap i lagsjakk for Troms og"]
[Site "Thon Hotel, Harstad"]
[Date "2026.01.22"]
[Round "1"]
[White "Harstad 2-S. Turkmani"]
[Black "Harstad 1-H. Bech"]
[Result "0-1"]
[WhiteElo "1784"]
[BlackElo "2139"]
[PlyCount "86"]
[EventDate "2026.??.??"]

1. e4 e5 2. Nf3 Nc6 3. d4 exd4 4. Nxd4 Bc5 5. Nf5 g6 6. Nh6 Nxh6 7. Bxh6 Qf6 8.
Be3 Bxe3 9. fxe3 Qxb2 10. Nd2 O-O 11. h4 Qc3 12. Bd3 Ne5 13. Ke2 d6 14. Nf3 Bg4
15. Rb1 Qc6 16. a4 f5 17. Rb4 f4 18. Bb5 Qc5 19. Qd5+ Kh8 20. Qxc5 dxc5 21. Rc4
Nxc4 22. Bxc4 Rae8 23. Kf2 Rxe4 24. Bd5 fxe3+ 25. Kg3 Bxf3 26. gxf3 Rb4 27. h5
g5 28. h6 Rh4 29. Re1 Rxh6 30. Bxb7 Rb6 31. Be4 Ra6 32. Rxe3 Rxa4 33. Bc6 Raf4
34. Re7 R8f7 35. Re5 R4f5 36. Re6 Kg7 37. Kg4 R5f6 38. Bd5 Rxe6 39. Bxe6 Rf6
40. Bf5 h6 41. Bd3 Rf4+ 42. Kg3 c4 43. Be2 a5 0-1

[Event "Kretsmesterskap i lagsjakk for Troms og"]
[Site "Thon Hotel, Harstad"]
[Date "2026.01.22"]
[Round "1"]
[White "Harstad 1-J. Pettersen"]
[Black "Harstad 2-B. Halvorsen"]
[Result "1-0"]
[WhiteElo "2073"]
[BlackElo "1729"]
[PlyCount "70"]
[EventDate "2026.??.??"]

1. d4 g6 2. e4 Bg7 3. Nc3 d6 4. Be3 a6 5. a4 Nc6 6. Nge2 Nf6 7. f3 Nd7 8. Qd2
Nb6 9. b3 e5 10. h4 h5 11. O-O-O a5 12. dxe5 dxe5 13. Qxd8+ Nxd8 14. Bxb6 cxb6
15. Nd5 O-O 16. Nec3 Nc6 17. Nxb6 Rb8 18. Bc4 Nd4 19. Nb5 Rd8 20. c3 Ne6 21.
Na7 Rf8 22. Kc2 Bf6 23. g3 Nc7 24. Naxc8 Rbxc8 25. Nxc8 Rxc8 26. Rd6 Be7 27.
Rxg6+ Kh7 28. Rb6 Bc5 29. Rxb7 Kg6 30. Rd1 Ne6 31. Bxe6 fxe6 32. Rdd7 Rf8 33.
Rg7+ Kh6 34. Rh7+ Kg6 35. Rbg7+ Kf6 1-0

[Event "Kretsmesterskap i lagsjakk for Troms og"]
[Site "Thon Hotel, Harstad"]
[Date "2026.01.22"]
[Round "1"]
[White "Narvik 1-M. Aanstad"]
[Black "Narvik 2-T. Liljebakk"]
[Result "1-0"]
[WhiteElo "1968"]
[BlackElo "1515"]
[PlyCount "64"]
[EventDate "2026.??.??"]

1. e4 c6 2. d4 d6 3. Nc3 Nd7 4. f4 Ngf6 5. Nf3 e6 6. Bd3 Be7 7. O-O Nb6 8. Kh1
Qc7 9. a3 Nbd7 10. e5 Nd5 11. Ne4 N5b6 12. Bd2 f5 13. Neg5 Nf8 14. exd6 Bxd6
15. Ne5 Bxe5 16. fxe5 h6 17. Nh3 Bd7 18. Nf4 O-O-O 19. c4 g5 20. Bb4 Be8 21.
Bd6 Qf7 22. c5 Nd5 23. Nxd5 cxd5 24. b4 h5 25. b5 Nd7 26. Qa4 a6 27. Qa5 Nb8
28. c6 bxc6 29. Bxb8 Kxb8 30. Qxd8+ Ka7 31. bxc6 Rh7 32. Rab1 Qc7 1-0

[Event "Kretsmesterskap i lagsjakk for Troms og nordre Nordland Sjakkrets 2026"]
[Site "Thon Hotel, Harstad"]
[Date "2026.01.23"]
[Group "Kretsmesterskap i lagsjakk for Troms og nordre Nordland Sjakkrets 2026"]
[Table "11"]
[Round "2"]
[White "Tromsø 1-M. Schouten"]
[Black "Narvik 1-T. Søraas"]
[WhiteElo "2292"]
[BlackElo "2114"]
[Result "1-0"]

1. e4 e6 2. d4 d5 3. Nd2 dxe4 4. Nxe4 Nd7 5. Bd3 Ngf6 6. Qe2 c5 7. Nf3 cxd4 8. O-O Nxe4 9. Bxe4 Nc5 10. Rd1 Nxe4 11. Qxe4 Be7 12. Rxd4 Qa5 13. Bd2 Qf5 14. Qxf5 exf5 15. Re1 Be6 16. Rd3 Bf6 17. Bc3 Ke7 18. Bb4+ Ke8 19. Bc3 Ke7 20. Bb4+ Ke8 21. b3 Rd8 22. Red1 Rd7 23. Bd6 Be7 24. Kf1 Bxd6 25. Rxd6 Rxd6 26. Rxd6 Ke7 27. Rd4 Rc8 28. c4 f6 29. Ke2 g5 30. g3 Rc5 31. Kd3 Ra5 32. a4 f4 33. Re4 Kd6 34. Nd4 Bf7 35. Nb5+ Kc6 36. Re7 Bg6+ 37. Kc3 fxg3 38. fxg3 f5 39. Kb4 Rxb5+ 40. axb5+ 1-0

[Event "Kretsmesterskap i lagsjakk for Troms og nordre Nordland Sjakkrets 2026"]
[Site "Thon Hotel, Harstad"]
[Date "2026.01.23"]
[Group "Kretsmesterskap i lagsjakk for Troms og nordre Nordland Sjakkrets 2026"]
[Table "13"]
[Round "2"]
[White "Tromsø 1-P. Røyset"]
[Black "Narvik 1-S. Rafnung"]
[WhiteElo "2112"]
[BlackElo "1760"]
[Result "1/2-1/2"]

1. e4 c6 2. d4 d5 3. exd5 cxd5 4. Bd3 Nf6 5. c3 Qc7 6. Ne2 Bg4 7. f3 Bh5 8. Bf4 Qb6 9. Bxb8 Rxb8 10. Qa4+ Nd7 11. Bb5 Rd8 12. Nf4 Bg6 13. O-O e6 14. Nxd5 exd5 15. Re1+ Be7 16. Qb4 Qf6 17. Qc5 a6 18. Bxd7+ Rxd7 19. Qc8+ Rd8 20. Qxb7 Rd7 21. Qa8+ Rd8 22. Qb7 Rd7 23. Qa8+ Rd8 1/2-1/2

[Event "Kretsmesterskap i lagsjakk for Troms og"]
[Site "Thon Hotel, Harstad"]
[Date "2026.01.23"]
[Round "2"]
[White "Narvik 1-M. Aanstad"]
[Black "Tromsø 1-T. Valvåg"]
[Result "0-1"]
[WhiteElo "1968"]
[BlackElo "2079"]
[PlyCount "72"]
[EventDate "2026.??.??"]

1. e4 c5 2. d4 cxd4 3. c3 Nf6 4. e5 Nd5 5. Nf3 d6 6. cxd4 e6 7. exd6 Bxd6 8.
Nc3 Nxc3 9. bxc3 Qc7 10. Bd2 Nd7 11. Bd3 b6 12. O-O Bb7 13. Qe2 O-O 14. h3 Rfe8
15. Be4 Bxe4 16. Qxe4 e5 17. Rfe1 Nf6 18. Qh4 e4 19. Ng5 Qc6 20. f3 e3 21. Bxe3
h6 22. Ne4 Nxe4 23. fxe4 Rxe4 24. Qf2 Qxc3 25. Rac1 Qd3 26. Rcd1 Qb5 27. Rf1
Qd5 28. Bc1 Rae8 29. Qf3 Qxa2 30. d5 R8e7 31. Qf5 Qb3 32. Rd2 Qg3 33. Rc2 Qh2+
34. Kf2 Bc5+ 35. Kf3 Re3+ 36. Bxe3 Rxe3+ 0-1

[Event "Kretsmesterskap i lagsjakk for Troms og nordre Nordland Sjakkrets 2026"]
[Site "Thon Hotel, Harstad"]
[Date "2026.01.23"]
[Group "Kretsmesterskap i lagsjakk for Troms og nordre Nordland Sjakkrets 2026"]
[Table "14"]
[Round "2"]
[White "Narvik 1-P. Olsen"]
[Black "Tromsø 1-B. Halvorsen"]
[WhiteElo "1734"]
[BlackElo "1995"]
[Result "0-1"]

1. e4 c5 2. Nc3 Nc6 3. f4 d6 4. Nf3 g6 5. Bc4 Bg7 6. d3 e6 7. f5 exf5 8. O-O Nge7 9. Bg5 h6 10. Bd2 O-O 11. a4 fxe4 12. dxe4 Bg4 13. Ba2 Nd4 14. h3 Nxf3+ 15. Rxf3 Bxf3 16. Qxf3 Nc6 17. Rf1 Ne5 18. Qg3 c4 19. Nd5 a6 20. a5 Rc8 21. Nb6 Rc5 22. b3 Kh7 23. Nxc4 Nxc4 24. bxc4 Qe7 25. Bb4 Rc6 26. Bb3 Qxe4 27. Kh1 Be5 28. Qd3 Qxd3 29. cxd3 f5 30. Re1 Kg7 31. Ba4 Rc7 32. Bb3 Rd8 33. Rd1 Bd4 34. Bd2 Re7 35. Re1 Rxe1+ 36. Bxe1 Re8 37. Bg3 Be5 38. Bf2 Bf4 39. Bd1 Be3 40. Bg3 Bd2 41. Bxd6 Re1+ 0-1

[Event "Kretsmesterskap i lagsjakk for Troms og nordre Nordland Sjakkrets 2026"]
[Site "Thon Hotel, Harstad"]
[Date "2026.01.23"]
[Group "Kretsmesterskap i lagsjakk for Troms og nordre Nordland Sjakkrets 2026"]
[Table "31"]
[Round "2"]
[White "Tromsø 4-F. Remman"]
[Black "Tromsø 2-M. Machlik"]
[WhiteElo "1856"]
[BlackElo "2084"]
[Result "0-1"]

1. d4 Nf6 2. Bg5 e6 3. e4 h6 4. Bxf6 Qxf6 5. Nf3 d6 6. Nbd2 e5 7. c3 Be7 8. h3 c6 9. Bd3 Nd7 10. Qe2 Nf8 11. g3 Ng6 12. O-O-O Be6 13. Kb1 O-O-O 14. Nf1 Bf8 15. Ne3 Bd7 16. Bc2 h5 17. h4 Qe7 18. Rhe1 f6 19. Nf5 Qe8 20. Qc4 Kb8 21. Ne3 Ne7 22. Rd2 Nc8 23. Red1 Nb6 24. Qe2 Be7 25. Bb3 g6 26. a4 Na8 27. a5 Nc7 28. Qd3 Bc8 29. Qc2 Qf8 30. Ka1 Qg7 31. c4 Rhe8 32. Ba4 Rf8 33. Qc3 Rh8 34. Bc2 Qf8 35. Ne1 d5 36. Re2 exd4 37. Qxd4 Bc5 38. Qc3 d4 39. Qb3 dxe3 0-1

[Event "Kretsmesterskap i lagsjakk for Troms og nordre Nordland Sjakkrets 2026"]
[Site "Thon Hotel, Harstad"]
[Date "2026.01.23"]
[Group "Kretsmesterskap i lagsjakk for Troms og nordre Nordland Sjakkrets 2026"]
[Table "33"]
[Round "2"]
[White "Tromsø 4-K. Schouten"]
[Black "Tromsø 2-J. Joensen"]
[WhiteElo "1585"]
[BlackElo "1960"]
[Result "0-1"]

1. d4 d5 2. Nc3 Nf6 3. Bf4 e6 4. e3 Be7 5. Bd3 c6 6. Nf3 Nbd7 7. O-O O-O 8. Re1 Re8 9. Ne2 c5 10. c4 b6 11. cxd5 exd5 12. Ne5 Nxe5 13. dxe5 Nh5 14. Nc3 Nxf4 15. exf4 g6 16. Bb5 d4 17. Bxe8 Qxe8 18. Nd5 Bb7 19. Nxe7+ Qxe7 20. b4 Qd7 21. bxc5 bxc5 22. Rc1 Rc8 23. Re3 c4 24. Rec3 Qd5 25. f3 dxc3 26. Qxd5 Bxd5 27. Rxc3 Rb8 28. Kf2 Rb2+ 0-1

[Event "Kretsmesterskap i lagsjakk for Troms og nordre Nordland Sjakkrets 2026"]
[Site "Thon Hotel, Harstad"]
[Date "2026.01.23"]
[Group "Kretsmesterskap i lagsjakk for Troms og nordre Nordland Sjakkrets 2026"]
[Table "21"]
[Round "2"]
[White "Harstad 1-H. Bech"]
[Black "Tromsø 3-B. Gulljord"]
[WhiteElo "2139"]
[BlackElo "1925"]
[Result "1-0"]

1. d4 d5 2. c4 c6 3. Nc3 Nf6 4. e3 e6 5. Nf3 Nbd7 6. Qc2 Bd6 7. b3 O-O 8. Be2 Re8 9. O-O Qc7 10. Bb2 e5 11. dxe5 Nxe5 12. cxd5 cxd5 13. h3 Bd7 14. Rfd1 Rac8 15. Rac1 g6 16. Qd2 Bc6 17. Nb5 Nxf3+ 18. Bxf3 Bh2+ 19. Kh1 Qb6 20. Nxa7 Qxa7 21. Kxh2 Qb8+ 22. Kg1 Qd6 23. Qd4 Kg7 24. e4 Qe7 25. exd5 Rcd8 26. Qxf6+ 1-0

[Event "Kretsmesterskap i lagsjakk for Troms og nordre Nordland Sjakkrets 2026"]
[Site "Thon Hotel, Harstad"]
[Date "2026.01.23"]
[Group "Kretsmesterskap i lagsjakk for Troms og nordre Nordland Sjakkrets 2026"]
[Table "22"]
[Round "2"]
[White "Tromsø 3-M. Nagy"]
[Black "Harstad 1-J. Pettersen"]
[WhiteElo "1594"]
[BlackElo "2073"]
[Result "0-1"]

1. d4 g6 2. c4 Bg7 3. Nf3 Nf6 4. Nc3 d5 5. e3 c6 6. Bd2 O-O 7. c5 Re8 8. b4 Qc7 9. Be2 Nbd7 10. O-O e5 11. dxe5 Nxe5 12. Rc1 Bg4 13. Nxe5 Bxe2 14. Nxe2 Rxe5 15. Bc3 Re4 16. Ng3 Rc4 17. a3 h5 18. Bxf6 Rxc1 19. Qxc1 Bxf6 20. Ne2 Be5 21. g3 h4 22. Nd4 hxg3 23. hxg3 Bxg3 24. f4 Qd7 25. f5 Be5 26. Qc2 Kg7 27. Qg2 Rh8 28. Ne6+ Kg8 29. Nd4 Rh5 30. fxg6 f6 31. Nf3 Qf5 32. Rf2 Kg7 33. Nh4 Qb1+ 34. Rf1 Qd3 35. Qh3 Rg5+ 36. Ng2 Qxg6 0-1

[Event "Kretsmesterskap i lagsjakk for Troms og nordre Nordland Sjakkrets 2026"]
[Site "Thon Hotel, Harstad"]
[Date "2026.01.23"]
[Group "Kretsmesterskap i lagsjakk for Troms og nordre Nordland Sjakkrets 2026"]
[Table "23"]
[Round "2"]
[White "Harstad 1-P. Mathisen"]
[Black "Tromsø 3-E. Frediani"]
[WhiteElo "1761"]
[BlackElo "1556"]
[Result "1-0"]

1. c4 c5 2. g3 Nc6 3. Bg2 g6 4. Nc3 Bg7 5. Nf3 e6 6. O-O Nge7 7. d3 h6 8. Be3 Qb6 9. Na4 Qa5 10. Bxc5 b6 11. Be3 d5 12. Bd2 Qa6 13. cxd5 Nxd5 14. Nc3 Ncb4 15. a3 Nxc3 16. Bxc3 Nxd3 17. Qxd3 Bxc3 18. bxc3 Qxd3 19. exd3 Ba6 20. Rfd1 O-O 21. a4 Rab8 22. Ne5 Rbc8 23. Nc6 Bb7 24. Ne7+ Kg7 25. Nxc8 Bxc8 26. a5 1-0

[Event "Kretsmesterskap i lagsjakk for Troms og nordre Nordland Sjakkrets 2026"]
[Site "Thon Hotel, Harstad"]
[Date "2026.01.23"]
[Group "Kretsmesterskap i lagsjakk for Troms og nordre Nordland Sjakkrets 2026"]
[Table "24"]
[Round "2"]
[White "Tromsø 3-A. Wintervold"]
[Black "Harstad 1-R. Jakobsen"]
[WhiteElo "1484"]
[BlackElo "1751"]
[Result "0-1"]

1. d4 d5 2. c4 e6 3. Nc3 c6 4. Nf3 f5 5. Bf4 Nf6 6. e3 Be7 7. Be2 O-O 8. c5 Ne4 9. h4 Nd7 10. b4 Nxc3 11. Qd2 Nxe2 12. Qxe2 b6 13. Ng5 Nf6 14. h5 bxc5 15. dxc5 a5 16. f3 axb4 17. h6 g6 18. Kf2 Bxc5 19. Rhc1 Qe7 20. Qc2 Nd7 21. Nh3 e5 22. Bg5 Qe6 23. Re1 f4 24. Qb2 Bxe3+ 25. Kf1 Ba6+ 26. Re2 Bd4 27. Qb1 Bxa1 28. Qxa1 Bc4 29. Nxf4 Qf5 0-1

[Event "Kretsmesterskap i lagsjakk for Troms og nordre Nordland Sjakkrets 2026"]
[Site "Thon Hotel, Harstad"]
[Date "2026.01.23"]
[Group "Kretsmesterskap i lagsjakk for Troms og nordre Nordland Sjakkrets 2026"]
[Table "42"]
[Round "2"]
[White "Sortland-M. Larsen"]
[Black "Narvik 2-T. Liljebakk"]
[WhiteElo "2064"]
[BlackElo "1515"]
[Result "1-0"]

1. e4 c6 2. d4 d6 3. c4 Nf6 4. Nc3 e5 5. f4 exf4 6. Bxf4 Nbd7 7. e5 dxe5 8. dxe5 Qe7 9. Qe2 Ng4 10. Nf3 f6 11. O-O-O Ngxe5 12. Ne4 Nf7 13. Bd6 Qe6 14. Nd4 Nde5 15. Nxe6 Bxe6 16. Bxf8 Kxf8 17. Qe3 Ng4 18. Qc5+ Ke8 19. Nd6+ Nxd6 20. Qxd6 Kf7 21. Qc7+ Kg6 22. Bd3+ Kh6 23. Rhe1 Ne5 24. Rxe5 fxe5 25. Qe7 Bg4 26. Qh4+ Bh5 27. g4 g6 1-0

[Event "Kretsmesterskap i lagsjakk for Troms og nordre Nordland Sjakkrets 2026"]
[Site "Thon Hotel, Harstad"]
[Date "2026.01.23"]
[Group "Kretsmesterskap i lagsjakk for Troms og nordre Nordland Sjakkrets 2026"]
[Table "41"]
[Round "2"]
[White "Narvik 2-O. Hansen"]
[Black "Sortland-J. Åsvang"]
[WhiteElo "1658"]
[BlackElo "2030"]
[Result "1/2-1/2"]

1. e4 d5 2. exd5 Qxd5 3. Qf3 Nf6 4. Qxd5 Nxd5 5. Bc4 Nb6 6. Bb3 c5 7. d3 Nc6 8. Nf3 Bg4 9. Be3 e6 10. Nbd2 Nd5 11. h3 Bxf3 12. Nxf3 Bd6 13. Bd2 O-O-O 14. Ng5 Rd7 15. Ne4 Nd4 16. Rc1 f5 17. Nxd6+ Rxd6 18. Be3 Nxe3 19. fxe3 Nxb3 20. axb3 Rhd8 1/2-1/2

[Event "Kretsmesterskap i lagsjakk for Troms og nordre Nordland Sjakkrets 2026"]
[Site "Thon Hotel, Harstad"]
[Date "2026.01.23"]
[Group "Kretsmesterskap i lagsjakk for Troms og nordre Nordland Sjakkrets 2026"]
[Table "21"]
[Round "3"]
[White "Sortland-M. Larsen"]
[Black "Harstad 2-S. Jensen"]
[WhiteElo "2064"]
[BlackElo "1985"]
[Result "1/2-1/2"]

1. e4 Nf6 2. e5 Nd5 3. d4 d6 4. Nf3 Bg4 5. c4 Nb6 6. exd6 exd6 7. Nc3 Be7 8. Be3 N8d7 9. Bd3 Nf6 10. h3 Bh5 11. Ne4 Bg6 12. Ng3 Qd7 13. Qc2 Bxd3 14. Qxd3 O-O 15. O-O Kh8 16. b3 Rae8 17. d5 Qc8 18. Nf5 Bd8 19. Bd4 Nbd7 20. Rae1 Kg8 21. b4 b6 22. g4 Rxe1 23. Rxe1 Re8 24. Rxe8+ Nxe8 25. Qe3 Kf8 26. Nxg7 Nxg7 27. Qh6 Ne5 28. Nxe5 dxe5 29. Qxh7 exd4 30. Qh8+ Ke7 31. Qxg7 c5 32. Qe5+ Kf8 33. Qh8+ Ke7 34. Qe5+ Kf8 35. Qh8+ Ke7 36. Qe5+ 1/2-1/2

[Event "Kretsmesterskap i lagsjakk for Troms og nordre Nordland Sjakkrets 2026"]
[Site "Thon Hotel, Harstad"]
[Date "2026.01.23"]
[Group "Kretsmesterskap i lagsjakk for Troms og nordre Nordland Sjakkrets 2026"]
[Table "22"]
[Round "3"]
[White "Harstad 2-S. Turkmani"]
[Black "Sortland-V. Shabalin"]
[WhiteElo "1784"]
[BlackElo "1723"]
[Result "0-1"]

1. e4 e5 2. Nf3 Nc6 3. d4 exd4 4. Nxd4 Qf6 5. c3 Bc5 6. Be3 Nxd4 7. cxd4 Bb4+ 8. Nc3 Ne7 9. a3 Ba5 10. b4 Bb6 11. a4 a5 12. b5 O-O 13. Be2 d6 14. Qd2 h6 15. Bc4 Be6 16. d5 Bxe3 17. Qxe3 Bd7 18. O-O b6 19. f4 Ng6 20. Ne2 Rfe8 21. Bd3 Ne7 22. Bc4 Nf5 23. Qd3 Ne7 24. Ra2 Ng6 25. Qf3 Nh4 26. Qd3 Ng6 27. g3 Bg4 28. Nd4 Bd7 29. Kg2 Ne7 30. Re2 Ng6 31. h3 Re7 32. Rff2 Rae8 33. Kh2 h5 34. Re3 h4 35. Ne2 hxg3+ 36. Kxg3 Qh4+ 37. Kg2 Qf6 38. e5 dxe5 39. f5 Nh4+ 40. Kh2 e4 41. Qd4 Nf3+ 42. Rfxf3 exf3 43. Qxf6 gxf6 44. Rxe7 Rxe7 45. Ng3 Re5 46. Kg1 Bxf5 47. h4 Bg4 48. Kf2 f5 49. Nf1 Re4 50. Nd2 Rd4 51. Ke3 Rxd2 52. Kxd2 f4 53. Bf1 Kg7 54. Kd3 f5 55. Kd2 Kg6 56. Ke1 Kh5 57. Kf2 Kxh4 58. d6 cxd6 59. Bc4 Kg5 60. Bd5 Kf6 61. Bc4 Ke5 62. Ke1 Kd4 63. Bb3 Ke3 64. Bc4 f2+ 0-1

[Event "Kretsmesterskap i lagsjakk for Troms og nordre Nordland Sjakkrets 2026"]
[Site "Thon Hotel, Harstad"]
[Date "2026.01.23"]
[Group "Kretsmesterskap i lagsjakk for Troms og nordre Nordland Sjakkrets 2026"]
[Table "23"]
[Round "3"]
[White "Sortland-A. Randers-Pehrson"]
[Black "Harstad 2-B. Halvorsen"]
[WhiteElo "1489"]
[BlackElo "1729"]
[Result "0-1"]

1. d4 g6 2. e3 Bg7 3. c4 d6 4. Nf3 Nf6 5. Nc3 O-O 6. Bd3 Nbd7 7. O-O a5 8. Bd2 e5 9. d5 Nc5 10. Bc2 Bg4 11. h3 e4 12. hxg4 exf3 13. gxf3 Nfd7 14. Kg2 Nb6 15. Rh1 Nxc4 16. Qc1 Nxd2 17. Qxd2 Qg5 18. Kf1 Nd7 19. Ke2 Rfe8 20. Rag1 Nf8 21. Kf1 a4 22. f4 Qd8 23. Bxa4 Bxc3 24. Qxc3 Rxa4 25. f5 Qd7 26. fxg6 Qb5+ 27. Ke1 Qa5 28. gxf7+ Kxf7 29. Rh5 Qxc3+ 30. bxc3 Rxa2 31. Rg3 Raa8 32. Rh6 Kg7 33. g5 Re5 34. c4 Rxg5 35. Rxg5+ Kxh6 36. Rg8 Ra1+ 37. Ke2 Nd7 38. f4 Nb6 39. f5 Ra8 40. Rg4 Rf8 41. e4 Nxc4 42. Rg2 Ne5 43. Ke3 Nd7 44. Kf4 Nf6 45. Rc2 Rc8 46. Rh2+ Kg7 47. Rg2+ Kf7 48. Rh2 Rg8 49. Re2 Nd7 50. Rh2 Rg7 51. Rh6 Ne5 52. f6 Rg1 53. Rxh7+ Kxf6 54. Rxc7 Nd3+ 55. Ke3 Nc5 56. Rc8 Re1+ 57. Kf3 Nxe4 58. Re8 Nd2+ 0-1